000 003260000a22001090004500
090 _aAs
_bSeriadas
245 1 0 _aNotas sobre la distribución y anidación del aguila Poma, Oroaetus isidori, en Nariño
041 0 _aEspañol
100 1 _aStrewe, Ralf
_95322
942 _cARTICULO
773 1 _tBoletín SAO
_h18-19
_q45-52
_d1999
_g10
999 _c15756
_d15756